Racismo: Algo más que discriminación

Guardado en:
Bibliografiske detaljer
Hovedforfatter: Ruiz, María Teresa
Format: Bog
Sprog:Spanish
Udgivet: San José DEI 1986
Fag:
Tags: Tilføj Tag
Ingen Tags, Vær først til at tagge denne postø!

MARC

LEADER 00000nam a22000007a 4500
003 cru CIDCACS/IIS
005 20180907104113.0
008 180907b1986 cr ||||| |||| 00| 0 spa d
999 |c 41655  |d 41655 
040 |c cru CIDCACS/IIS 
090 4 |a REV0750 (7) 1986 
100 1 |9 7655  |a Ruiz, María Teresa 
245 1 |a Racismo:  |b Algo más que discriminación  |c María Teresa Ruiz 
260 |a San José  |b DEI  |c 1986 
300 |a 14-18 páginas 
650 1 0 |9 404  |a RACISMO 
650 1 0 |9 633  |a DISCRIMINACION RACIAL 
773 0 |0 41641  |9 2241  |a Departamento Ecuménico de Investigaciones (DEI)  |d San José, Costa Rica Departamento Ecuménico de Investigaciones (DEI)  |o 20028  |t Pasos / 
942 |2 ddc  |c PP